Name all Reichskommissariat WW2 - Statistics

General Stats
  • This quiz has been taken 51 times
  • The average score is 5 of 8
Answer Stats
Hint Answer % Correct
Baltics+Belarus Ostland
93%
Ukraine Ukraine
83%
Norway Norwegen
74%
Caucasus+Southern Russia Kaukasien
62%
Netherlands Niederlande
60%
Central Asia Turkestan
57%
Belgium+Northern France Belgien-Nordfrankreich
55%
Russia Moskowien
48%
No matching quizzes found
Score Distribution
Percent of People with Each Score
Percentile by Number Answered
Your Score History
You have not taken this quiz